| 000 | 00402cam a22001097a 4500 | ||
|---|---|---|---|
| 008 | 180718b1958 xxu||||| |||| 00| 0 eng d | ||
| 082 | _aB7303x5412 B436br | ||
| 100 | _aWest Bengal. Local Self-Government Department | ||
| 245 | _aRules, model rules and model by-laws framed under the Bengal municipal act, 1932 corrected up to 30th November 1951 | ||
| 260 |
_aCalcutta _bThe author _c1958 |
||
| 300 | _a495p. | ||
| 999 |
_c488716 _d488716 |
||